Historical dictionary of Pakistan / (Record no. 533404)
[ view plain ]
| 000 -LEADER | |
|---|---|
| fixed length control field | 00434nam a22001457a 4500 |
| 003 - CONTROL NUMBER IDENTIFIER | |
| control field | NUST |
| 038 ## - RECORD CONTENT LICENSOR | |
| Staff Name | Muhammad Ibrahim |
| 082 ## - DEWEY DECIMAL CLASSIFICATION NUMBER | |
| Classification number | 954.91003 |
| Author Mark | BUR 1991 |
| 100 1# - MAIN ENTRY--PERSONAL NAME | |
| Personal name | Burki, Shahid Javed. |
| 9 (RLIN) | 2782 |
| 245 ## - TITLE STATEMENT | |
| Title | Historical dictionary of Pakistan / |
| Statement of responsibility, etc. | by Shahid Javed Burki. |
| 260 ## - PUBLICATION, DISTRIBUTION, ETC. | |
| Place of publication, distribution, etc. | Lahore : |
| Name of publisher, distributor, etc. | Mirza Book Agency, |
| Date of publication, distribution, etc. | 1991. |
| 300 ## - PHYSICAL DESCRIPTION | |
| Extent | xxxvi, 254 p. : |
| Dimensions | 23 cm. |
| 650 ## - SUBJECT ADDED ENTRY--TOPICAL TERM | |
| Topical term or geographic name entry element | Pakistan |
| General subdivision | History |
| -- | Dictionaries. |
| 9 (RLIN) | 27270 |
| 942 ## - ADDED ENTRY ELEMENTS (KOHA) | |
| Source of classification or shelving scheme | |
| Koha item type | Book |
| Withdrawn status | Lost status | Source of classification or shelving scheme | Damaged status | Not for loan | Permanent Location | Current Location | Shelving location | Date acquired | Total Checkouts | Full call number | Barcode | Date last seen | Price effective from | Koha item type |
|---|---|---|---|---|---|---|---|---|---|---|---|---|---|---|
| Centre for International Peace & Stability (CIPS) | Centre for International Peace & Stability (CIPS) | General Stacks | 01/01/2020 | 954.91003 BUR 1991 | CIPSD0000574 | 01/01/2020 | 01/01/2020 | Book |
